Statistiken für Alle Städte aus Warzone 1 Verdansk

Klicken Sie hier um das Quiz zu spielen!

Allgemein

  • Dieses Quiz wurde 22 mal gespielt
  • Das Durchschnittsergebnis liegt bei 10 aus 25

Antwortstatistiken

KarteAntwort% Korrekt
VerdanskAirport
68%
VerdanskDam
63%
VerdanskDowntown
63%
VerdanskStadium
63%
VerdanskSuperstore
58%
VerdanskPrison
53%
VerdanskFarmland
47%
VerdanskQuarry
47%
VerdanskMilitary Base
42%
VerdanskStorage Town
42%
VerdanskBoneyard
37%
VerdanskLumber
37%
VerdanskPort
37%
VerdanskPromenade West
37%
'84Array
32%
VerdanskHills
32%
VerdanskHospital
32%
VerdanskPark
32%
VerdanskPromenade East
32%
VerdanskTrain Station
32%
VerdanskTV Station
32%
'84Factory
26%
'84Salt Mine
26%
'84Summit
26%
VerdanskShipwreck
5%

Verteilung der Resultate

Perzentil nach korrekt beantworteten Fragen

Anzahl Personen mit jedem Resultat

Ihre Resultats-Entwicklung

Sie haben dieses Quiz noch nicht gespielt